| 000 | 00397nam a2200169Ia 4500 | ||
|---|---|---|---|
| 008 | 230524s9999 xx 000 0 und d | ||
| 020 | _a8170365562 | ||
| 082 |
_a658.45 _bSUS |
||
| 100 | _aSushil Bahl | ||
| 245 | 0 | _aBusiness Communication Today | |
| 250 | _a7TH | ||
| 260 |
_aNEW DELHI _bResponse _c2004 |
||
| 300 | _a199 | ||
| 500 | _aQuantity Number: 10 | ||
| 650 | _aEnglish | ||
| 942 | _cBK | ||
| 999 |
_c4587 _d4587 |
||